MDQL
is popping MORE tags! Check the
thread
!
Quizzes
Events
Quiz Creation
Community
Videos
Private Events
Remove Ads
Sign In
Join for FREE
Feedback
Dark Mode
Quiz Categories
Sports
Geography
Music
Movies
Television
Just For Fun
Miscellaneous
History
Literature
Language
Science
Gaming
Entertainment
Religion
Holiday
For Kids
Quiz Lab
Recent
Popular Today
Quiz Kudos Today
Editor Picks
Curator Picks
Quizzes by...
Day
Popularity
Type
Ratings
Length
Year
Community
Subscriptions
Recent Discussions
Orange Saloon
Badges
Playlists
Quests
Create
Leaderboards
Showdown
Live 5
Trivia Bingo
Activity
Puzzle Library
Sporcle Events
Private Events
Virtual Trivia
Globe League
Become a Host
Pub Owners
SporcleCon
Opinionation
Our Games
Videos
Blog
Mobile Apps
Partnerships
Remove Ads and Go Orange
Feedback
Music
Pop Music
The Beatles
Song
Album
Lyrics
Bands
Singers
Artist
Clip
Rock
Rap
Classical
Billboard
Country Music
Kpop
Taylor Swift
Music
Pop Music
The Beatles
Song
Album
Lyrics
Bands
Singers
Artist
Clip
Rock
Rap
Classical
Billboard
Country Music
Kpop
Taylor Swift
Random Quiz
Search Sporcle
×
Quiz Lab
Quiz Lab
Music
Kpop
Type in answers that appear in a list
Type in answers that appear in a list
Classic
Best Score? Go Orange.
KPOP group members Stats
Can you name the KPOP group members?
By
drawtheworld23
20m
286 Questions
613 Plays
613 Plays
613 Plays
Comments
Comments
Give Quiz Kudos
Give Quiz Kudos
-
- Ratings
hide this ad
Replay
Link that replays current quiz
Next Quiz
Link to next quiz in quiz playlist
You Got
0%
They Got
Avg Score
46%
Avg Friend Score
Upgrade to see
Score Distribution
Jump to the score distribution portion of the page
Score
0/286
Timer
20:00
0
Plays Today
Answer
% Correct
Jimin
99.4%
Jun
98.9%
Rap Monster
98.7%
Jungkook
98.4%
Suga
98.4%
Jin
98.4%
Jimin
98%
Jhope
97.7%
D.O
96.9%
Kai
96.9%
Mark
96.7%
Mark
96.6%
Jackson
96.6%
G-Dragon
96.6%
V
96.2%
Bambam
96.1%
Min
95.6%
Baekhyun
95.3%
Chen
95.3%
Lay
95.1%
Chanyeol
94.9%
Sehun
94.8%
Suho
94.6%
Minho
94.6%
JB
94.3%
Key
94.3%
Xiumin
93.6%
Taemin
93.6%
Lisa
93%
Taeyang
92.7%
T.O.P.
92.5%
Jisoo
92.3%
Onew
92.2%
Jennie
91.9%
Kris
91.8%
Tao
91.8%
Luhan
91.4%
CL
91.2%
Jonghyun
90.6%
Jonghyun
90.5%
Junior
90.4%
Seungri
90.4%
Daesung
90.2%
Park Bom
89.4%
Jae
88.1%
Taeyeon
87.9%
Joy
87.5%
Vernon
86.9%
Youngjae
86.8%
Amber
86.5%
Yeri
86.5%
Wendy
85.9%
Yugyeom
85.8%
LE
85.8%
Irene
85.3%
S.Coups
85%
Woozi
84.8%
Tiffany
84.7%
Sunny
84.3%
Dara
84.3%
Bobby
84.2%
Taeyong
84.2%
Minhyuk
84%
Minhyuk
84%
Youngjae
83.9%
Seulgi
83.7%
Krystal
83.4%
Momo
83.4%
Minzy
83%
Hoshi
82.9%
Rosé
82.8%
Dino
82.5%
Jessica
81.9%
The8
81.9%
Joshua
81.9%
Leo
81.9%
Luna
81.8%
Solar
81.8%
Minhyuk
81.6%
Tzuyu
81.2%
Yoona
81.1%
Yuri
80.8%
DK
80.8%
Heechul
80.7%
Mina
80.4%
I.M
80.4%
Victoria
79.9%
Jinyoung
79.3%
Ravi
79.3%
Mingyu
79%
Hani
78.8%
Ken
78.8%
Jinyoung
78.5%
Hwasa
77.7%
Suzy
77.5%
Sana
77.3%
Answer
% Correct
Wonho
77.1%
Moonbyul
77.1%
Shownu
76.8%
Taeil
76.7%
Taeil
76.7%
WheeIn
76.5%
L
76%
Jeonghan
76%
B.I
75.9%
Seohyun
75.9%
Hyoyeon
75.9%
Wonwoo
75.7%
Sooyoung
75.2%
Ten
75.2%
Hyuk
74.9%
Mino
74.8%
Leeteuk
74.4%
Jihyo
74.2%
Kihyun
74%
N
73.6%
Seungkwan
72.9%
Zico
72.6%
Nayeon
72.3%
Hyungwon
72.1%
Jisung
72.1%
Dahyun
71.3%
Hongbin
71.3%
Jooheon
70.8%
Shindong
70.6%
Hyolyn
70.5%
Winwin
70.3%
Haechan
70.3%
Fei
70.1%
Bomi
70%
BM
70%
Jisung
69.9%
Eunji
69.7%
Yuta
69.5%
Sungkyu
69.2%
Daniel
68.7%
Taehyun
68.4%
Siwon
67.7%
Chenle
67.7%
Jaehyun
67.3%
Peniel
67.3%
Chaeyoung
66.9%
Hoya
66.6%
Jaemin
66.5%
Yesung
66.5%
Donghae
66.5%
Bora
66.1%
Junho
65.8%
Changmin
65.8%
Changmin
65.8%
Eunhyuk
65.8%
Doyoung
65.8%
Sungyeol
65.6%
Naeun
65.4%
Ryeowook
65.2%
Jeno
65%
Henry
64.9%
Renjun
64.3%
YoungK
63.9%
Kyuhyun
63.6%
J.seph
63.5%
Wonpil
63.3%
Sungjong
62.8%
E'dawn
62.8%
Chorong
62.6%
Jia
62.5%
Hui
62.4%
Hyeri
62.3%
Taecyeon
62.1%
Solji
62%
Somin
61.8%
Rocky
61.7%
Namjoo
61.7%
P.O
61.7%
Jiwoo
61.4%
Woohyun
61.2%
Moonbin
60.8%
Dongwoo
60.7%
Yunho
60.5%
Zelo
60.3%
Jinjin
60%
Jeongyeon
59.9%
Sungjae
59.4%
Sungmin
59.2%
Cha Eunwoo
59.1%
Dasom
58.9%
Sanha
58.6%
Junghwa
57.9%
Kangin
57.9%
MJ
57.7%
Soyou
57.1%
Hyerin
57%
Answer
% Correct
Jinwoo
56.8%
Eunkwang
56.8%
B-Bomb
56%
Jun.K
55.8%
Yongguk
55.7%
Ilhoon
55.6%
Himchan
55.4%
Daehyun
55.1%
Minah
54.4%
Nichkhun
54.2%
Wooseok
54.1%
Zhoumi
54.1%
Yuto
53.8%
Hayoung
53.5%
Seunghoon
53.4%
Jongup
52.8%
Seungyoon
52.6%
Changsub
52.6%
Jinho
52.3%
Junhoe
51.9%
Yan An
51.5%
Dowoon
51.4%
Jaejoong
51.4%
Jinhwan
51.1%
Kino
51.1%
U-Kwon
51.1%
Yura
50.3%
Chanwoo
50%
Wooyoung
49.8%
Daehwi
49.8%
Yerin
49.2%
Junsu
48.6%
Sungjin
47.6%
Jihoon
47.6%
Kyung
47.4%
Hongseok
47%
Chansung
46.7%
Suhyun
46.2%
Jokwon
45.1%
Donghyuk
45.1%
Yeo One
45.1%
Baro
45.1%
Sojin
44.9%
Niel
44.4%
Yoochun
44.2%
C.A.P
43.6%
Minhyun
43.3%
Jaehyo
43.2%
Ricky
42.9%
CNU
42.1%
Yonghwa
41.7%
Woojin
41.6%
Hansol
40.8%
Sungwoo
40.3%
Xiao
40.2%
Chanhyuk
39.5%
Guanlin
39.1%
Xero
38.9%
Shinwon
38.7%
Gongchan
38.7%
L.Joe
38%
A-Tom
37.7%
Jungshin
37%
Sandeul
36.1%
B-Joo
35.8%
Chunji
35.7%
Yunhyeong
35.3%
Changjo
34.6%
Jaehwan
34.3%
P-Goon
32.6%
Jenissi
32%
Nakta
31.6%
Wooshin
31.2%
Hyungsik
30.1%
Yano
30.1%
Sungwoon
30%
Seulong
29.8%
Wei
29.7%
Bitto
29.3%
Kuhn
29.3%
Kogyeol
28.2%
Sangdo
28.2%
Jinwoon
27.9%
Hojoon
27.2%
Sunyoul
27.1%
Hwanhee
26.3%
Jinhoo
25.6%
Junhyeok
24.8%
Gyujin
23.7%
Suwoong
19.9%
Minsu
19.6%
Sunwoo
19.3%
Wonjun
19.3%
Sungjun
17.7%
Quiz Playlist
Details
Report
Send in Message
Add To Playlist
Classic:
Type in answers that appear in a list
Last Updated: Mar 25, 2018
Quiz Scoreboard
CHALLENGE
Sign Up to Join the Scoreboard
Show All
Scores
Hide
Comments
May contain spoilers
Recently Published
Colored Red Africa Blitz
by spor1
Geography
30s
Find the 'City' Movie
by crazypaving
Movies
60s
5x2 Blitz: Bands
by SL_Kpop136
Music
30s
More to Explore
Quiz From the Vault
Featured Blog Post
14 Easter Pick-up Lines to Find Eggs With
hide this ad
You Might Also Like...
Tags
Kpop Quiz
group
Today's Top Quizzes in Music
Browse Music
hide this ad
Today's Top Quizzes in Kpop
Browse Kpop
Top Contributed Quizzes in Music
1
5X2 Blitz: Bands II
2
5X2 Blitz: The Beatles
3
Taylor Swift All Songs (2024)
4
5X2 Blitz: Billboard
5
5X2 Blitz: Billboard II
6
5X2 Blitz: Album
7
Taylor Swift Logic Puzzle II
8
5X2 Blitz: Singers
9
5X2 Blitz: Rock
10
5X2 Blitz: Lyrics
Explore More
Trending Topics
Crossword
Anime
Harry Potter
NBA
Disney
Marvel
Kpop
Country
WWE
The Office
Puzzle
NFL
Song
Pokémon
Soccer
hide this ad
More By:
drawtheworld23
Quiz
Plays
Rating
Category
Featured
Created
KPOP group members
613
4.40
Music
Feb 28, 2016
Go to Creator's Profile
Score Distribution
Quiz Creator Spotlight
drawtheworld23
Follow
Send a Message
Quizzes Created
-
Created Quiz Play Count
-
More By This Creator
Popular Quizzes Today
1
Colored Red Africa Blitz
2
Find the US States - No Outlines Minefield
3
Find the 'City' Movie
4
5x2 Blitz: Bands
5
The Countries of the World
6
Find the US States
7
Find the Countries of Europe - No Outlines Minefield
8
US States
More Music Quizzes
Taylor Swift 'it's time to go' lyrics
Quiz Lab
Trending Quizzes
Colored Red Europe Blitz I
Colored Red Europe Blitz II
Colored Red Africa Blitz II
Colored Red Europe Blitz III
Colored Red Africa Blitz III
Recently Updated
How Do You Spell That?
pecheneg
Godzilla Movies
pecheneg
Grab Bag: 4-10 Letters
pecheneg
2024 March Madness Bracket
pecheneg
Famous TV Couples
Peacemaker
Champions League XIs: Real Madrid
pecheneg
Largest US Cities 1790-2010
pecheneg
Rides in Walt Disney World
pecheneg
Most Oscar Losses (Acting)
pecheneg
Beyoncé Albums
pecheneg
Trending Topics
Kpop
Anime
Harry Potter
Marvel
NBA
Crossword
Disney
The Office
WWE
Song
Puzzle
Pokémon
NFL
Country
Soccer
Your Account Isn't Verified!
In order to create a playlist on Sporcle, you need to verify the email address you used during registration. Go to your
Sporcle Settings
to finish the process.
Report this User
Report this user for behavior that violates our
Community Guidelines
.
Details:
Send Report
Go to the Sporcle.com Mobile Site →
Comments